Learning race, learning place : shaping racial identities and ideas in African American childhoods /

Bibliographic Details
Main Author: Winkler, Erin N.
Corporate Author: ebrary, Inc
Format: eBook
Language:English
Published: New Brunswick, NJ : Rutgers University Press, [2012]
Series:Rutgers series in childhood studies.
Subjects:
Online Access:Connect to the full text of this electronic book

MARC

Tag First Indicator Second Indicator Subfields
LEADER 00000cam a2200000Ia 4500
001 in00002783798
006 m o d
007 cr cn|||||||||
008 120213s2012 njuab ob 001 0 eng d
005 20250816205759.9
010 |z  2012005047 
020 |z 9780813554297 (pbk. : alk. paper) 
020 |z 9780813554303 (hardcover : alk. paper) 
020 |z 9780813554310 (e-book) 
035 |a (CaPaEBR)ebr10604585 
035 |a (OCoLC)814306495 
040 |a CaPaEBR  |c CaPaEBR  |d UtOrBLW 
050 1 4 |a HT1506  |b .W56 2012eb 
082 0 4 |a 305.800710774/34  |2 23 
100 1 |a Winkler, Erin N. 
245 1 0 |a Learning race, learning place :  |b shaping racial identities and ideas in African American childhoods /  |c Erin N. Winkler. 
264 1 |a New Brunswick, NJ :  |b Rutgers University Press,  |c [2012] 
264 4 |c ©2012 
300 |a 1 online resource (xiii, 211 pages) :  |b illustrations, map. 
336 |a text  |b txt  |2 rdacontent 
337 |a computer  |b c  |2 rdamedia 
338 |a online resource  |b cr  |2 rdacarrier 
490 1 |a The Rutgers series in childhood studies 
504 |a Includes bibliographical references and index. 
500 |a Electronic resource. 
650 0 |a Racism  |x Study and teaching  |z Michigan  |z Detroit. 
650 0 |a Racism  |x Study and teaching. 
655 7 |a Electronic books.  |2 local 
710 2 |a ebrary, Inc. 
830 0 |a Rutgers series in childhood studies. 
856 4 0 |u https://ebookcentral.proquest.com/lib/tamucs/detail.action?docID=1028978  |y Connect to the full text of this electronic book  |t 0 
980 |a 121120  |b 72  |c USD  |e 72  |f YBP_EBR0000047227  |g 1 
999 f f |s 94dee90c-9773-32ec-a966-675b9f211bd0  |i d173101d-6be2-3dab-a945-1dec04d3c077  |t 0 
999 |a MARS 
952 f f |a Texas A&M University  |b College Station  |c Electronic Resources  |d Available Online  |t 0  |e HT1506 .W56 2012eb  |h Library of Congress classification 
998 f f |a HT1506 .W56 2012eb  |t 0  |l Available Online